| 000 | 00642nam a22002177a 4500 | ||
|---|---|---|---|
| 005 | 20130902112437.0 | ||
| 010 | _aENG-107907 | ||
| 020 |
_c285.00 _a9788176710886 |
||
| 035 | _aEN-91440 | ||
| 037 | _bDBAD/PUB | ||
| 082 | _a519.5 | ||
| 100 | _aKenney, J.F. | ||
| 245 | 0 | 0 |
_aMathematics of statistics / _cby J.F. Kenney [and] E.S. Keeping |
| 250 | _a2nd ed | ||
| 260 |
_aNew Delhi _bAffiliated East-West Press _c(201?) |
||
| 270 |
_a105 Nirmal Tower,26 Barrakhamba Road _bNew Delhi _e110001 |
||
| 300 |
_axiii,429p. _c24cm(pbk) |
||
| 500 | _aIncludes index | ||
| 700 | _aKeeping, E.S. | ||
| 942 |
_2ddc _cEN _mKEN _h519.5 |
||
| 999 |
_c77488 _d77488 |
||